| 000 | 00371cam a2200157ua 4500 | ||
|---|---|---|---|
| 020 | _a8177587633 | ||
| 082 |
_a621.381 _bFLO/DI |
||
| 100 |
_aFloyd, Thomas L . _91424 |
||
| 100 |
_aJain, R.P. _91425 |
||
| 245 | _aDigital Fundamentals / | ||
| 250 | _a3 / 8 | ||
| 260 |
_aNew Delhi : _bPearson Education _c2008 |
||
| 300 | _a690 ; 582 | ||
| 500 | _a*CSS | ||
| 942 | _cBK | ||
| 999 |
_c10367 _d10367 |
||